000 00574nam a2200217Ia 4500
005 20250508165054.0
008 008 250505s9999 xx 000 0 hin d
020 _a81-7201-143-1
037 _aTextual
040 _aFEDL
_beng
_cFEDL
041 _ahin
_2hin
084 _a891.439 1, SID
_qFEDL
100 _aSiddiqui Zaheer Ahmad
245 0 _aMomin Khan Momin
260 _aNew Delhi, India
_bSahitya Akademi
_c1991
300 _a87p.
365 _aINR
_b10
546 _aMACESE
942 _cTEXL
_h891.439 1, SID
999 _c1392984
_d1392984